XXX siglos de deporte /
Colección:
San Jorge,
; núm. 21 (gener 1956), pàg 6-7
Materias:
Esports -- Història
Idioma:
Español
MARC
| LEADER | 00000naa a2200000 a 4500 | ||
|---|---|---|---|
| 003 | Arxiu | ||
| 005 | 20260324181033.0 | ||
| 008 | 160829s1956 spc xx s spa c | ||
| 040 | |a AGDB | ||
| 100 | |a Oliveras, Alberto |9 29543 | ||
| 245 | 1 | 0 | |a XXX siglos de deporte / |c por Alberto Oliveras |
| 246 | 1 | 3 | |a Treinta siglos de deporte |
| 490 | |a San Jorge, |v núm. 21 (gener 1956), pàg 6-7 | ||
| 650 | 0 | |a Esports |9 42842 |2 Arxiu |x Història | |
| 773 | |g Núm. 21 (gener 1956), pàg 6-7 |i San Jorge. | ||
| 901 | |a Arxiu | ||
| 942 | |n 1 |2 udc |c ART | ||
| 952 | |0 0 |1 0 |4 0 |6 REV511 |7 1 |9 65472 |a Arxiu |b Arxiu |d 2023-03-06 |l 0 |o Rev-511 |r 2023-03-06 00:00:00 |w 2023-03-06 |y ARXIU |z També disponible a Rev-525 | ||
| 999 | |c 47996 |d 47996 | ||